| 000 | 01459nam a22003137a 4500 | ||
|---|---|---|---|
| 003 | dpl | ||
| 005 | 20100303135233.0 | ||
| 007 | DVD | ||
| 008 | 080925t xxu||||| |||| 00| 0 eng d | ||
| 010 | _aDVD-005796-5797 | ||
| 024 |
_aDVDU-637 _c99.00 |
||
| 035 | _aDVD-005796-5797 | ||
| 040 |
_aDVD _cDPL |
||
| 082 | _aDVD / BLAC | ||
| 245 |
_aBlack & White _cMukta Serch Light Films Presents _h[videorecording] DVD/ |
||
| 260 |
_aMumbai _bUltra Distributors Pvt. Ltd. |
||
| 300 |
_a1 videodisc DVD; _bsd., col.; _c4 3/4 in. _fDVD |
||
| 440 | _aUltra DVD | ||
| 500 | _aDigitally mastered from the original film. Audio re-mastered in digital surround sound, Interactive menus of songs & scenes for easy access | ||
| 538 | _a5.1 Digital Surround Sound, Language Hindi, Subtitles English | ||
| 650 | _aMotion Picture | ||
| 700 | _aGhai, Subhash | ||
| 700 | _aSinha, Anurag | ||
| 700 | _aKapoor, Anil | ||
| 942 |
_2ddc _cCF _hDVD _mBLAC |
||
| 999 |
_c34354 _d34354 |
||